Sports Quiz

Random Sports or Logo Quiz

Progressively Smaller Sports Logos Quiz Stats

 Plays Quiz Updated Oct 18, 2019

Score 0/20 Timer 05:00
18 Plays Today
% Correct
Los Angeles Rams
98.5%
San Jose Sharks
92.5%
Carolina Panthers
91.8%
Boston Bruins
89.7%
Indianapolis Colts
89.2%
Golden State Warriors
87.8%
Buffalo Bills
87.7%
Toronto Blue Jays
87.1%
Baltimore Orioles
87%
Oklahoma City Thunder
84%
% Correct
Tampa Bay Lightning
84%
Pittsburgh Pirates
81.3%
Portland Trailblazers
77.7%
Denver Nuggets
76.8%
Arizona Diamondbacks
74.7%
Montreal Canadiens
64.7%
Real Madrid
55.7%
Borussia Dortmund
40.4%
Newcastle United
39.3%
Internazionale
34.1%

You're not logged in!

Compare scores with friends on all Sporcle quizzes.
OR
Log In

Sporcle TV

Today on Sporcle TV


Watch our educational content, quiz creation guides, and fun videos on Sporcle TV.

Show Comments

Extras

Top Quizzes Today


Score Distribution

Your Account Isn't Verified!

In order to create a playlist on Sporcle, you need to verify the email address you used during registration. Go to your Sporcle Settings to finish the process.

Report this User

Report this user for behavior that violates our Community Guidelines.

Details: